000
002820000a22000970004500
100
1
_a
Gómez Gil, Orlando.
245
1
0
_a
El tema de la persona humana en cuatro filósofos hispánicos
300
_a
Vol, 1, Núm 6 (1989), Páginas 14-15
773
0
_t
Impacto Presbiteriano
942
_c
ANA
999
_c
50851
_d
50851